| 000 | 01217cam a2200325 a 4500 | ||
|---|---|---|---|
| 001 | 12102261 | ||
| 003 | Nust | ||
| 005 | 20220829164320.0 | ||
| 008 | 000711s2000 nyu 000 1 eng | ||
| 010 | _a 00055349 | ||
| 020 | _a9780751525359 | ||
| 040 |
_aDLC _cDLC _dDLC |
||
| 043 | _an-us-va | ||
| 050 | 0 | 0 |
_aPS3553.O692 _bL37 2000b |
| 082 | 0 | 0 |
_a823 _bCOR |
| 100 | 1 |
_aCornwell, Patricia Daniels. _911118 |
|
| 245 | 1 | 4 |
_aThe last precinct / _cPatricia Cornwell. |
| 260 |
_aNew York : _bG.P. Putnam's Sons, _c2000. |
||
| 300 |
_a565 p. ; _c25 cm. |
||
| 600 | 1 | 0 |
_aScarpetta, Kay _c(Fictitious character) _vFiction. _911119 |
| 650 | 0 |
_aMedical examiners (Law) _vFiction. _911657 |
|
| 650 | 0 |
_aForensic pathologists _vFiction. _911121 |
|
| 650 | 0 |
_aWomen physicians _vFiction. _911122 |
|
| 651 | 0 |
_aJamestown (Va.) _vFiction. _998646 |
|
| 651 | 0 |
_aRichmond (Va.) _vFiction. _998647 |
|
| 655 | 7 |
_aDetective and mystery stories. _2gsafd |
|
| 906 |
_a7 _bcbc _corignew _d1 _eocip _f20 _gy-gencatlg |
||
| 942 |
_2ddc _cBK |
||
| 999 |
_c174458 _d174458 |
||